デレステ ユニット楽曲 -All- - Statistics

General Stats
  • This quiz has been taken 20 times
    11 since last reset
  • The average score is 50 of 106
Answer Stats
楽曲名 % Correct
お願い!シンデレラ
100%
T Tulip
83%
あいくるしい
67%
青空エール
67%
ガールズ・イン・ザ・フロンティア
67%
輝く世界の魔法
67%
義勇忍侠花吹雪
67%
美に入り彩を穿つ
67%
認めてくれなくたっていいよ
67%
ミラーボール・ラブ
67%
無重力シャトル
67%
夕映えプレゼント
67%
夢色ハーモニー
67%
A Athanasia
67%
不埒なCANVAS
67%
F Fantasia for the Girls
67%
ススメ☆オトメ~jewel parade~
67%
L Love∞Destiny
67%
M M@GIC☆
67%
M MOTTO!
67%
S Shine!!
67%
S Shine In The Sky☆
67%
S Snow Wings
67%
S Star!!
67%
W With Love
67%
Y Yes! Party Time!!
67%
命燃やして恋せよ乙女
50%
イリュージョニスタ!
50%
印象
50%
キミのそばでずっと
50%
君への詩
50%
銀のイルカと熱い風
50%
心もよう
50%
この恋の解を答えなさい
50%
桜の風
50%
桜の頃
50%
サマカニ!!
50%
スターライトステージ
50%
スバル
50%
星環世界
50%
ツインテールの風
50%
とどけ!アイドル
50%
流れ星キセキ
50%
なんどでも笑おう
50%
リトルリドル
50%
A Absolute NIne
50%
A always
50%
B BEYOND THE STARLIGHT
50%
B Brand new!
50%
E Enishi
50%
E EVERLASTING
50%
E EVERMORE
50%
できたてEvo! Revo! Generation!
50%
G Go Just Go!
50%
G Great Journey
50%
L Life is HaRMONY
50%
無限L∞PだLOVE♡
50%
純情Midnight伝説
50%
アイ NEED YOU (FOR WONDERFUL STORY)
50%
N Next Chapter
50%
N Nightwear
50%
N Nothing but You
50%
ゴキゲンParty Night
50%
S Stage Bye Stage
50%
S STORY
50%
S Sun! High! Gold!
50%
T Trust me
50%
U UNIQU3 VOICES!!!
50%
W We're the friends!
50%
W Wish you Happiness!!
50%
秋風に手を振って
33%
キセキの証
33%
恋が咲く季節
33%
生存本能ヴァルキュリア
33%
つぼみ
33%
ドレミファクトリー!
33%
ハイファイ☆デイズ
33%
パジャマジャマ
33%
ミライコンパス
33%
メッセージ
33%
悠久星涼
33%
C comic cosmic
33%
D Dreamy Anniversary
33%
躍るFLAGSHIP
33%
イケナイGO AHEAD
33%
H Happy New Yeah!
33%
H Hungry Bambi
33%
L Let's Sail Away!!!
33%
N Near to You
33%
N Never ends
33%
S Starry-Go-Round
33%
T Take me☆Take you
33%
T TRUE COLORS
33%
U Unlock Starbeat
33%
V Vast world
33%
W WINTER and WINDOW
33%
W Wonder goes on!!
33%
ココカラミライヘ!
17%
スマイルファンタジー
17%
夢をのぞいたら
17%
C Come to you
17%
G GOIN'!!!
17%
J Joker
17%
N New bright stars
17%
A ∀NSWER
17%
S Sweet Witches' Night~6人目はだぁれ~
17%
No matching quizzes found
Score Distribution
Percent of People with Each Score
Percentile by Number Answered
Your Score History
You have not taken this quiz since the last reset